[Event "RSA-ch U10 Girls"]
[Site "Gauteng"]
[Date "2017.04.08"]
[Round "7"]
[White "Claassen, Carli"]
[Black "Ahjum, Kristen"]
[Result "1-0"]
[WhiteElo "975"]
[BlackElo "831"]
[PlyCount "39"]
[EventDate "2017.04.05"]
[EventType "swiss"]
[EventRounds "11"]
[EventCountry "RSA"]
[SourceTitle "CBM 177 Extra"]
[Source "ChessBase"]
[SourceDate "2017.04.27"]
[SourceVersion "1"]
[SourceVersionDate "2017.04.27"]
[SourceQuality "1"]

1. e4 e5 2. Nf3 Nc6 3. d4 exd4 4. Bc4 Nf6 5. e5 d5 6. Bb5 Ne4 7. 0-0 a6 8. Bd3 Nc5 9. Bg5 Be7 10. Bxe7 Qxe7 11. c3 dxc3 12. Nxc3 Nxe5 13. Nxe5 0-0 14. Re1 Qg5 15. Nxd5 Bh3 16. g3 Rfe8 17. f4 Bg4 18. Nxg4 Qxd5 19. Bxh7+ Kxh7 20. Qxd5 1-0

[Event "RSA-ch U08 Girls"]
[Site "Bloemfontein"]
[Date "2016.03.24"]
[Round "9"]
[White "Ahjum, Kristen"]
[Black "Reyneke, Talia"]
[Result "1-0"]
[WhiteElo "943"]
[BlackElo "528"]
[PlyCount "39"]
[EventDate "2016.03.20"]
[EventType "swiss"]
[EventRounds "11"]
[EventCountry "RSA"]
[SourceTitle "CBM 171 Extra"]
[Source "ChessBase"]
[SourceDate "2016.04.26"]
[SourceVersion "1"]
[SourceVersionDate "2016.04.26"]
[SourceQuality "1"]

1. e4 e5 2. Nf3 Nc6 3. d4 exd4 4. Bc4 Nf6 5. 0-0 Bc5 6. c3 dxc3 7. Nxc3 d6 8. h3 0-0 9. Nh4 Be6 10. Qf3 Bxc4 11. Qg3 Bxf1 12. Bh6 g6 13. Bg5 Bd4 14. Nd5 Bc4 15. Bxf6 Bxf6 16. Nxf6+ Qxf6 17. Nf5 Qe5 18. Qg5 Qxb2 19. Qh6 Qxa1+ 20. Kh2 1-0

[Event "RSA-ch U08 Girls"]
[Site "Bloemfontein"]
[Date "2016.03.23"]
[Round "7"]
[White "Ahjum, Kristen"]
[Black "Meyer, Kaitlin"]
[Result "1-0"]
[WhiteElo "943"]
[BlackElo "393"]
[PlyCount "29"]
[EventDate "2016.03.20"]
[EventType "swiss"]
[EventRounds "11"]
[EventCountry "RSA"]
[SourceTitle "CBM 171 Extra"]
[Source "ChessBase"]
[SourceDate "2016.04.26"]
[SourceVersion "1"]
[SourceVersionDate "2016.04.26"]
[SourceQuality "1"]

1. e4 e5 2. Nf3 Nc6 3. d4 Bb4+ 4. c3 Be7 5. Be3 Nf6 6. Nbd2 Ng4 7. Bc4 Bh4 8. 0-0 Nxe3 9. fxe3 exd4 10. exd4 Ne5 11. Nxh4 Qxh4 12. Qf3 Rf8 13. Bxf7+ Rxf7 14. Qxf7+ Kd8 15. Qf8# 1-0

[Event "RSA-ch U08 Girls"]
[Site "Bloemfontein"]
[Date "2016.03.22"]
[Round "5"]
[White "Ahjum, Kristen"]
[Black "Datharam, Archana"]
[Result "0-1"]
[WhiteElo "943"]
[BlackElo "772"]
[PlyCount "43"]
[EventDate "2016.03.20"]
[EventType "swiss"]
[EventRounds "11"]
[EventCountry "RSA"]
[SourceTitle "CBM 171 Extra"]
[Source "ChessBase"]
[SourceDate "2016.04.26"]
[SourceVersion "1"]
[SourceVersionDate "2016.04.26"]
[SourceQuality "1"]

1. e4 e5 2. Nf3 Nc6 3. d4 exd4 4. Bc4 Be7 5. c3 dxc3 6. Nxc3 Nf6 7. Be3 0-0 8. Qe2 Bb4 9. 0-0 Bxc3 10. bxc3 Nxe4 11. Nd4 Nxd4 12. cxd4 Nf6 13. Qf3 d6 14. Qg3 Nh5 15. Qf3 g6 16. Qe4 Re8 17. Qf3 Bd7 18. Qxf7+ Kh8 19. d5 Rf8 20. Bd4+ Nf6 21. Bxf6+ Qxf6 22. Qxf6+ 0-1

[Event "RSA-chT U08"]
[Site "Cape Town"]
[Date "2016.01.07"]
[Round "7.1"]
[White "Ahjum, Kristen"]
[Black "Arjunan, Zander"]
[Result "1-0"]
[WhiteElo "877"]
[BlackElo "725"]
[PlyCount "55"]
[EventDate "2016.01.04"]
[EventType "team-tourn"]
[EventRounds "7"]
[EventCountry "RSA"]
[SourceTitle "CBM 170 Extra"]
[Source "ChessBase"]
[SourceDate "2016.02.25"]
[SourceVersion "1"]
[SourceVersionDate "2016.02.25"]
[SourceQuality "1"]
[WhiteTeam "Northern Cape"]
[BlackTeam "Johannesburg Metro"]
[WhiteTeamCountry "RSA"]
[BlackTeamCountry "RSA"]

1. e3 e5 2. e4 Nf6 3. Nc3 Nc6 4. Nf3 a6 5. d4 Bd6 6. Bd3 b6 7. Be3 Bb7 8. Qd2 Qe7 9. 0-0-0 0-0-0 10. Qe2 Nb4 11. a3 Nc6 12. Bxa6 Nb8 13. Bb5 c6 14. Qc4 Bc7 15. Ba4 b5 16. Bxb5 cxb5 17. Nxb5 Bc6 18. Na7+ Kb7 19. dxe5 Bb6 20. Qb3 Ka8 21. Qxb6 Nxe4 22. Nxc6 d5 23. Nxe7 Rd7 24. Nxd5 Rb7 25. Qa5+ Na6 26. Nb6+ Kb8 27. Qxa6 Kc7 28. Rd7+ 1-0